000 00509nam a2200169Ia 4500
003 GCL
008 140319s9999 xx 000 0 ara d
040 _aGCL /
_cGCL
082 0 4 _a811
_bا ا
100 1 _aاميل ناصيف
245 1 0 _aمن اروع ما قال الرسول /
_cاميل ناصيف
260 _aبيروت :
_bدار الجيل
300 _a207 ص ؛
_c24 سم
650 0 4 _aالشعر الدينى
650 0 4 _aالشعر العربى - دواوين وقصائد
942 _2ddc
_cBK
999 _c3548
_d3548